1242 1472 1212 1229 1352 1618 1270 1241 1803 1306 1251 1896 1242 1526 1179 1297 1237 1147 1628 1322 1244 1718 1203 1561 1383 1949 1301 1187 1565 1809 1031 1167 1876 1718 1691 1483 1980 1449 1160 1188 1878 1178 1982 1722 1079 1292 1637 1378 1774 1016 1135 1399 1700 1297 1859 1404 1624 1915 1949 1152 1167 1137 1904 1317 1612 1142 1833 1863 1389 1393 1647 1984 1380 1876 1535 1356 1473 1506 1010 1054 1156 1370 1738 1521 1393 1374 1713 1310 1257 1422 1215 1494 1272 1064 1823 1905 1315 1968 1508 BCNSPRNW ULIB Ver.6.0+V

เปลี่ยนเป็นภาษาไทย

Change to English
 แสดงรายละเอียดบรรณานุกรม
  กลับหน้าหลัก

Brief Record : Get Marc (ISO 2709) : E-mail record : QR code < ปิดหน้าต่าง
LEADER : 00000nas 2200000uu 4500
001    13399122430
003     ULIB
008    020711s|||| th a 000 0 tha d
022    19069545
110    พีเพิลมีเดีย
245    สุขกายสบายใจ/^cพีเพิลมีเดีย
260    กรุงเทพฯ :^bพีเพิลมีเดีย,^cม.ป.ป.
310    ^aรายเดือน
850 ^a ULIB:campus^bฉบับที่ 27 ;ฉบับที่ 28 ;ฉบับที่ 29 ;ฉบับที่ 30 ;ฉบับที่ 31 ;ฉบับที่ 32 ;ฉบับที่ 33 ;ฉบับที่ 34 ;ฉบับที่ 35 ;ฉบับที่ 36
945    ^p70^l0^i800506
945    ^p70^l0^i800521
945    ^p70^l0^i800558
945    ^p70^l0^i800600
945    ^p70^l0^i800637
945    ^p70^l0^i800664
945    ^p70^l0^i800700
945    ^p70^l0^i800731
945    ^p70^l0^i800766
945    ^p70^l0^i800800
รายการนี้ยังไม่มีแท็ก
คุณยังไม่ได้ล็อกอิน คุณสามารถมีกิจกรรมร่วมกับเว็บไซต์ได้ แต่ต้องล็อกอินก่อน ::
  ล็อกอิน

รายการสื่อสารสนเทศ (วารสาร)

ดูแบบ: กล่อง รายการ
ARRIVED
ฉบับที่ 27
สถานที่: ห้องสมุดวิทยาเขตสวรรค์ประชารักษ์ >วารสาร
ARRIVED
ฉบับที่ 28
สถานที่: ห้องสมุดวิทยาเขตสวรรค์ประชารักษ์ >วารสาร
ARRIVED
ฉบับที่ 29
สถานที่: ห้องสมุดวิทยาเขตสวรรค์ประชารักษ์ >วารสาร
ARRIVED
ฉบับที่ 30
สถานที่: ห้องสมุดวิทยาเขตสวรรค์ประชารักษ์ >วารสาร
ARRIVED
ฉบับที่ 31
สถานที่: ห้องสมุดวิทยาเขตนครสวรรค์ >วารสาร
ARRIVED
ฉบับที่ 32
สถานที่: ห้องสมุดวิทยาเขตนครสวรรค์ >วารสาร
ARRIVED
ฉบับที่ 33
สถานที่: ห้องสมุดวิทยาเขตนครสวรรค์ >วารสาร
ARRIVED
ฉบับที่ 34
สถานที่: ห้องสมุดวิทยาเขตนครสวรรค์ >วารสาร
ARRIVED
ฉบับที่ 35
สถานที่: ห้องสมุดวิทยาเขตนครสวรรค์ >วารสาร
ARRIVED
ฉบับที่ 36
สถานที่: ห้องสมุดวิทยาเขตนครสวรรค์ >วารสาร

BibComment


ยังไม่เคยถูกคอมเมนท์

คอมเมนท์ทรัพยากรรายการนี้
  คอมเมนท์: สุขกายสบายใจ พีเพ..


 Copyright 2026. Bcnsprnw @Library